[Event "SR 3. liga A2 2014/2015"]
[Site "?"]
[Date "2015.02.08"]
[Round "8.4"]
[White "Bukovsky, Milan"]
[Black "Nemeckay, Rastislav"]
[Result "1-0"]
[WhiteElo "1922"]
[BlackElo "1985"]
[PlyCount "129"]
[EventDate "2015.??.??"]

1. d4 d5 2. c4 c6 3. Nf3 Nf6 4. Nc3 e6 5. e3 Nbd7 6. Bd3 dxc4 7. Bxc4 b5 8. Bd3
a6 9. O-O c5 10. dxc5 Bxc5 11. Ne4 Be7 12. Bd2 Bb7 13. Nxf6+ Nxf6 14. Qe2 O-O
15. Bc3 Nd5 16. Bd4 Bf6 17. Ne5 Nb4 18. Bb1 Bxe5 19. Bxe5 Qd5 20. f4 Rfd8 21.
Qg4 g6 22. a3 f5 23. Qg5 Qd2 24. e4 Nc6 25. Bf6 fxe4 26. Qh6 Rd7 27. Ba2 Re8
28. Qh3 Rd5 29. Bxd5 Qxd5 30. Rad1 Qc5+ 31. Kh1 Bc8 32. Qh6 Qf8 33. Qg5 Qf7 34.
Bc3 Qf5 35. Qf6 Qxf6 36. Bxf6 Kf7 37. Bg5 Ne7 38. Rfe1 Bb7 39. Rd7 Bd5 40. Kg1
Kf8 41. Rxe7 Rxe7 42. Bxe7+ Kxe7 43. Kf2 Kd6 44. Ke3 e5 45. fxe5+ Kxe5 46. Rf1
a5 47. Rf8 a4 48. Re8+ Be6 49. Re7 h5 50. Rb7 Bc4 51. Rb6 Kf5 52. g3 g5 53. Rc6
Bd3 54. Rc5+ Kg4 55. h3+ Kxg3 56. Rxg5+ Kh4 57. Re5 Bf1 58. Kxe4 Bxh3 59. Rxb5
Bg4 60. Kf4 Bd1 61. Rc5 Kh3 62. Rc1 Bg4 63. Rc3+ Kg2 64. b3 axb3 65. Rxb3 1-0

[Event "SR 3. liga A2 2014/2015"]
[Site "?"]
[Date "2015.02.08"]
[Round "8.4"]
[White "Ocko, Martin"]
[Black "Doucha, Ludvik"]
[Result "0-1"]
[WhiteElo "1857"]
[BlackElo "2006"]
[PlyCount "48"]
[EventDate "2015.??.??"]

1. e4 e5 2. Nf3 d6 3. d4 exd4 4. c3 d3 5. c4 Nf6 6. Bxd3 Nc6 7. O-O Be7 8. h3
O-O 9. Nc3 Re8 10. a3 a5 11. Qc2 h6 12. Rd1 Bd7 13. Bf4 Bf8 14. c5 Ne5 15. Bxe5
dxe5 16. Bc4 Qe7 17. Qb3 a4 18. Qa2 c6 19. Nh4 Be6 20. Rd6 Bxc4 21. Qxc4 Qc7
22. Rad1 Bxd6 23. cxd6 Qd7 24. Nxa4 b5 0-1

[Event "SR 3. liga A2 2014/2015"]
[Site "?"]
[Date "2015.02.08"]
[Round "8.4"]
[White "Mosny, Jaroslav"]
[Black "Skapik, Branislav"]
[Result "1-0"]
[WhiteElo "1998"]
[BlackElo "1822"]
[PlyCount "119"]
[EventDate "2015.??.??"]

1. d4 d5 2. Nf3 Nf6 3. e3 e6 4. Bd3 c5 5. b3 Nc6 6. Bb2 Bd7 7. O-O Bd6 8. Nbd2
Rc8 9. a3 O-O 10. Ne5 cxd4 11. exd4 Qc7 12. f4 Qb6 13. Ndf3 Bxe5 14. fxe5 Ng4
15. Qe2 f6 16. h3 Ngxe5 17. Nxe5 Nxe5 18. Rf2 Nxd3 19. Qxd3 Be8 20. c4 Bg6 21.
Qc3 Be4 22. c5 Qb5 23. b4 a6 24. a4 Qd7 25. Bc1 g5 26. Be3 h6 27. Rb2 f5 28. b5
f4 29. Bf2 f3 30. g4 h5 31. Qe3 Rf4 32. Bg3 f2+ 33. Rxf2 Rxf2 34. Qxg5+ Qg7 35.
Qxg7+ Kxg7 36. Bxf2 hxg4 37. hxg4 Bd3 38. Ra3 Bc4 39. bxa6 Bxa6 40. Kg2 Rf8 41.
Rb3 Rf4 42. Kg3 Rf7 43. Rb6 Kf6 44. Be3 Rc7 45. Kf4 Bd3 46. g5+ Ke7 47. Ke5 Bf5
48. Bf2 Rd7 49. Bh4 Kf7 50. a5 Kg6 51. a6 bxa6 52. Rxa6 Rd8 53. c6 Kh5 54. Be1
Kxg5 55. c7 Rc8 56. Ba5 Bg6 57. Rd6 Bd3 58. Rd8 Ba6 59. Kxe6 Bb7 60. Kd7 1-0

[Event "SR 3. liga A2 2014/2015"]
[Site "?"]
[Date "2015.02.08"]
[Round "8.4"]
[White "Danada, Ondrej"]
[Black "Bahna, Jan"]
[Result "1-0"]
[WhiteElo "1870"]
[BlackElo "1940"]
[PlyCount "91"]
[EventDate "2015.??.??"]

1. d4 d5 2. c4 e6 3. Nc3 Nf6 4. cxd5 exd5 5. Bg5 Be7 6. e3 O-O 7. Bd3 h6 8. Bh4
c6 9. Qc2 Re8 10. f3 Nh5 11. Bf2 Bg5 12. g4 Nf6 13. Kd2 Bxg4 14. h4 Bxf3 15.
Nxf3 Ng4 16. hxg5 Nxf2 17. Bh7+ Kf8 18. Rhf1 Ng4 19. Rae1 Qe7 20. Nd1 hxg5 21.
Qf5 Nh6 22. Qxg5 Qxg5 23. Nxg5 Re7 24. Rf4 Nd7 25. Ref1 Rae8 26. Bg6 Nf6 27.
Nh7+ Nxh7 28. Bxh7 Re6 29. Bf5 Rf6 30. Bd7 Rxf4 31. Rxf4 Re7 32. Bh3 g5 33. Rf1
g4 34. Bg2 f5 35. Nf2 Kg7 36. Nd3 Kf6 37. Ne5 Rg7 38. Rh1 Kg5 39. Ke2 Re7 40.
b4 a6 41. Kf2 Re8 42. Bf1 Re6 43. Nd3 Re7 44. Nf4 Rh7 45. Rh5+ Kf6 46. Bd3 1-0

[Event "SR 3. liga A2 2014/2015"]
[Site "?"]
[Date "2015.02.08"]
[Round "8.4"]
[White "Krist, Milan"]
[Black "Pericka, Pavol"]
[Result "1-0"]
[WhiteElo "1913"]
[BlackElo "1789"]
[PlyCount "61"]
[EventDate "2015.??.??"]

1. d4 d5 2. Nf3 Nf6 3. c4 e6 4. Nc3 Be7 5. Bg5 Nbd7 6. e3 Nb6 7. c5 Nbd7 8. Bd3
c6 9. O-O b6 10. b4 Bb7 11. Qc2 a5 12. a3 b5 13. Rfc1 Rc8 14. Qe2 a4 15. Rc2
Nf8 16. Rac1 Ng6 17. Nxb5 cxb5 18. Bxb5+ Bc6 19. Ba6 Ra8 20. b5 Rxa6 21. bxa6
h6 22. Bxf6 Bxf6 23. Rb2 O-O 24. Rb6 Qd7 25. Rcb1 Bd8 26. Rb8 Bc7 27. a7 Rc8
28. Qa6 Ne7 29. Rxc8+ Qxc8 30. Qxc8+ Nxc8 31. Rb8 1-0

[Event "SR 3. liga A2 2014/2015"]
[Site "?"]
[Date "2015.02.08"]
[Round "8.5"]
[White "Skreno, Vladimir"]
[Black "Danada, Tomas"]
[Result "1/2-1/2"]
[WhiteElo "2244"]
[BlackElo "2118"]
[PlyCount "68"]
[EventDate "2015.??.??"]

1. d4 g6 2. Nf3 Bg7 3. e4 Nf6 4. e5 Nd5 5. Bc4 Nb6 6. Bb3 Nc6 7. a4 a5 8. c3
O-O 9. O-O d6 10. exd6 cxd6 11. Bg5 Bg4 12. h3 Bxf3 13. Qxf3 d5 14. Qg4 Qc8 15.
Qe2 Ra6 16. Re1 Qf5 17. Qg4 Qxg4 18. hxg4 e5 19. dxe5 Nxe5 20. Na3 Nbc4 21.
Bxc4 Nxc4 22. Nxc4 dxc4 23. Re4 Rb6 24. Rxc4 Rxb2 25. Re1 Rb3 26. Re3 b5 27.
axb5 Rxb5 28. Bf4 h5 29. gxh5 Rxh5 30. Rc7 Rf5 31. Re4 Ra8 32. Rcc4 a4 33. Rxa4
Rxa4 34. Rxa4 Bxc3 1/2-1/2

[Event "SR 3. liga A2 2014/2015"]
[Site "?"]
[Date "2015.02.08"]
[Round "8.5"]
[White "Veselsky, Jozef"]
[Black "Bisco, Igor"]
[Result "1-0"]
[WhiteElo "2133"]
[BlackElo "2079"]
[PlyCount "65"]
[EventDate "2015.??.??"]

1. d4 Nf6 2. Nf3 g6 3. c4 Bg7 4. Nc3 O-O 5. g3 c5 6. Bg2 Nc6 7. dxc5 Qa5 8. O-O
Qxc5 9. Qa4 d6 10. Be3 Qa5 11. Qxa5 Nxa5 12. b3 Ng4 13. Bd2 Nc6 14. Rac1 Bd7
15. Rfd1 Rfd8 16. h3 Nge5 17. Be3 Nxf3+ 18. exf3 b6 19. f4 Rac8 20. Rd2 Kf8 21.
Nb5 a6 22. Nc3 b5 23. Bb6 Re8 24. Nd5 bxc4 25. bxc4 Rb8 26. c5 Bd4 27. Nc7 dxc5
28. Bxc5 Rb2 29. Rxb2 Bxb2 30. Rd1 Rc8 31. Rxd7 Nb8 32. Rxe7 Kg7 33. Bd5 1-0

[Event "SR 3. liga A2 2014/2015"]
[Site "?"]
[Date "2015.02.08"]
[Round "8.5"]
[White "Malar, Pavol"]
[Black "Pribila, Gerhard"]
[Result "1/2-1/2"]
[WhiteElo "2062"]
[BlackElo "2060"]
[PlyCount "60"]
[EventDate "2015.??.??"]

1. e4 c5 2. Nc3 e6 3. f4 Nc6 4. Nf3 g6 5. Bc4 a6 6. a4 Bg7 7. O-O Nge7 8. d3 d5
9. Bb3 O-O 10. Qe1 Nd4 11. Nxd4 cxd4 12. Nd1 dxe4 13. dxe4 b6 14. Nf2 Bb7 15.
Bd2 a5 16. Nd3 Qc7 17. Qe2 Qc6 18. Rae1 Rac8 19. Rf2 Ba6 20. Qg4 Qd6 21. Ne5
Rc5 22. Nd3 Rcc8 23. f5 exf5 24. exf5 gxf5 25. Qg5 Ng6 26. Qxf5 Bc4 27. Bxc4
Rxc4 28. Re8 Rc7 29. Rxf8+ Qxf8 30. Bg5 Qd6 1/2-1/2

[Event "SR 3. liga A2 2014/2015"]
[Site "?"]
[Date "2015.02.08"]
[Round "8.5"]
[White "Kubis, Ivan"]
[Black "Slamena, Michal"]
[Result "1/2-1/2"]
[WhiteElo "1991"]
[BlackElo "1993"]
[PlyCount "116"]
[EventDate "2015.??.??"]

1. e4 c5 2. Nf3 d6 3. d4 cxd4 4. Nxd4 Nf6 5. Nc3 g6 6. Be3 Bg7 7. f3 O-O 8. Bc4
Nc6 9. Qd2 Bd7 10. O-O-O Ne5 11. Bb3 Rb8 12. f4 Neg4 13. Bg1 e5 14. Nf3 Bh6 15.
g3 exf4 16. gxf4 Nh5 17. Ne2 Bc6 18. Bxa7 Bxe4 19. Rhf1 Rc8 20. Kb1 Qc7 21. Bd4
d5 22. h3 Ngf6 23. Ne5 Bf5 24. Rf3 Ne4 25. Qb4 Be6 26. Rg1 f6 27. Ng4 Bxf4 28.
Nxf4 Nxf4 29. Bb6 Nd2+ 30. Qxd2 Qxb6 31. Rfg3 Nxh3 32. Rh1 Ng5 33. Nxf6+ Rxf6
34. Qxg5 Rcf8 35. a3 Qd4 36. Rd3 Qe4 37. Rh4 Qe1+ 38. Ka2 Rf5 39. Qe7 R8f7 40.
Qd8+ Kg7 41. Rhd4 Rd7 42. Qb6 Rdf7 43. Bxd5 Bxd5+ 44. Rxd5 Rxd5 45. Rxd5 Qe4
46. Qb3 Rc7 47. Rd2 h5 48. Rd8 Qc4 49. Rd7+ Kh8 50. Rd8+ Kh7 51. Rd7+ Kh6 52.
Rxc7 Qxc7 53. Qe3+ g5 54. Qe6+ Kg7 55. c4 Qf7 56. Qe5+ Kh6 57. Qd6+ Kg7 58.
Qe5+ Kg6 1/2-1/2

[Event "SR 3. liga A2 2014/2015"]
[Site "?"]
[Date "2015.02.08"]
[Round "8.5"]
[White "Janas, Peter"]
[Black "Jozefovic, Milan"]
[Result "0-1"]
[WhiteElo "1736"]
[BlackElo "1891"]
[PlyCount "100"]
[EventDate "2015.??.??"]

1. d4 b6 2. Nf3 Bb7 3. c4 d6 4. Nc3 e6 5. e4 Nd7 6. Be2 g6 7. Bg5 Be7 8. Be3
Ngf6 9. d5 e5 10. Bh6 Bf8 11. Bxf8 Nxf8 12. O-O N8d7 13. Nd2 O-O 14. f4 exf4
15. Rxf4 Ne5 16. Rf1 Qe7 17. Qc2 Rae8 18. Rae1 a6 19. b3 a5 20. a4 Nfd7 21. Bd1
Nc5 22. Be2 Bc8 23. Nb5 f5 24. Nd4 Qg5 25. Kh1 Qe3 26. Nb5 Re7 27. Bd1 Qh6 28.
Be2 Ref7 29. Nd4 Qe3 30. N4f3 fxe4 31. Bd1 Qd3 32. Nxe4 Nxf3 33. gxf3 Qxc2 34.
Bxc2 Rxf3 35. Rxf3 Rxf3 36. Nxc5 bxc5 37. Re8+ Rf8 38. Rxf8+ Kxf8 39. Kg2 Kf7
40. Kg3 Kf6 41. Kf4 g5+ 42. Ke3 h6 43. Bd1 Bf5 44. Kf3 Ke5 45. Ke3 g4 46. Kd2
Kd4 47. Be2 h5 48. Bd1 h4 49. Be2 g3 50. hxg3 hxg3 0-1

[Event "SR 3. liga A2 2014/2015"]
[Site "?"]
[Date "2015.02.08"]
[Round "8.5"]
[White "Kocak, Branislav"]
[Black "Jancicka, Viliam"]
[Result "1-0"]
[WhiteElo "1912"]
[BlackElo "1757"]
[PlyCount "51"]
[EventDate "2015.??.??"]

1. d4 d5 2. c4 dxc4 3. Nf3 Nf6 4. Nc3 Nc6 5. d5 Nb8 6. e4 Bg4 7. h3 Bh5 8. Bxc4
a6 9. a4 h6 10. O-O Nbd7 11. Be2 c6 12. Be3 Qc7 13. a5 cxd5 14. exd5 Qd6 15.
Qb3 b5 16. axb6 e5 17. dxe6 fxe6 18. b7 Rb8 19. Rxa6 Qc7 20. Ra8 Kf7 21. Rxb8
Qxb8 22. Ra1 Qc7 23. Ra8 Nb8 24. Nd4 Bxe2 25. Ncxe2 Nd5 26. Nxe6 1-0

[Event "SR 3. liga A2 2014/2015"]
[Site "?"]
[Date "2015.02.08"]
[Round "8.5"]
[White "Tupy, Emil"]
[Black "Brunovsky, Peter"]
[Result "0-1"]
[WhiteElo "1704"]
[BlackElo "1869"]
[PlyCount "86"]
[EventDate "2015.??.??"]

1. c4 Nf6 2. Nc3 e6 3. d4 d5 4. cxd5 exd5 5. g3 c6 6. Bg2 Bf5 7. Nf3 h6 8. O-O
Bd6 9. Re1 O-O 10. Nd2 Re8 11. Nf1 Nbd7 12. Ne3 Bh7 13. Bd2 Nf8 14. Qc1 Ne6 15.
Nc2 Bxc2 16. Qxc2 Nxd4 17. Qd3 Ne6 18. e4 Nc5 19. Qd4 dxe4 20. Bxe4 Ncxe4 21.
Nxe4 Nxe4 22. Rxe4 Rxe4 23. Qxe4 Qe7 24. Re1 Qxe4 25. Rxe4 Kf8 26. Bc3 f6 27.
Kg2 Re8 28. Kf3 Rxe4 29. Kxe4 Kf7 30. h3 Ke6 31. g4 Be5 32. f4 Bxc3 33. f5+ Kd6
34. bxc3 Kc5 35. Kd3 b5 36. a3 a5 37. h4 b4 38. cxb4+ axb4 39. a4 Kb6 40. Kc4
c5 41. h5 Ka5 42. Kxc5 b3 43. Kc4 b2 0-1

[Event "SR 3. liga A2 2014/2015"]
[Site "?"]
[Date "2015.02.08"]
[Round "8.5"]
[White "Zajicek, Ferdinand"]
[Black "Gazovic, Lukas"]
[Result "1-0"]
[WhiteElo "1836"]
[BlackElo "1647"]
[PlyCount "73"]
[EventDate "2015.??.??"]

1. e4 e5 2. Nf3 Nc6 3. Bc4 Bc5 4. d3 h6 5. a3 a6 6. Be3 Qe7 7. Nc3 Nf6 8. h3
Bxe3 9. fxe3 d6 10. O-O Be6 11. Nd5 Bxd5 12. Bxd5 Nd7 13. Nh2 Rf8 14. Ng4 Rh8
15. Nh2 Nf6 16. Nf3 Kd7 17. Nh2 Raf8 18. Ng4 Nxd5 19. exd5 Nd8 20. e4 f6 21.
Ne3 g6 22. Qg4+ Ke8 23. Qxg6+ Qf7 24. Rxf6 Qxg6 25. Rxg6 h5 26. Rf1 Rfg8 27.
Rxg8+ Rxg8 28. Rf5 Rh8 29. Rf2 Nf7 30. h4 Kf8 31. Rf6 Kg7 32. Re6 Kf8 33. Nf5
Nd8 34. Re7 c6 35. Rd7 Ke8 36. Rxd6 Nf7 37. Re6+ 1-0

[Event "SR 3. liga A2 2014/2015"]
[Site "?"]
[Date "2015.02.08"]
[Round "8.6"]
[White "Liptak, Tomas"]
[Black "Jozefek, Michal"]
[Result "1/2-1/2"]
[WhiteElo "2168"]
[BlackElo "2064"]
[PlyCount "72"]
[EventDate "2015.??.??"]

1. e4 c5 2. Nf3 d6 3. d4 cxd4 4. Nxd4 Nc6 5. f3 Nf6 6. c4 g6 7. Be3 Bg7 8. Qd2
Bd7 9. Nc3 O-O 10. Be2 Nxd4 11. Bxd4 Bc6 12. b4 b6 13. O-O Nd7 14. Rfd1 a5 15.
a3 Qc7 16. Nd5 Bxd5 17. cxd5 Bxd4+ 18. Qxd4 Rfc8 19. Bb5 Rab8 20. Ba6 Rd8 21.
Rdc1 Qa7 22. Bb5 Rdc8 23. Rxc8+ Rxc8 24. Bxd7 Qxd7 25. Qxb6 Qa4 26. Qxa5 Qb3
27. Kh1 Qe3 28. h4 Qf2 29. Qb5 Rc2 30. Qf1 Qxh4+ 31. Kg1 Qg3 32. b5 h5 33. Re1
Rxg2+ 34. Qxg2 Qxe1+ 35. Kh2 Qh4+ 36. Kg1 Qe1+ 1/2-1/2

[Event "SR 3. liga A2 2014/2015"]
[Site "?"]
[Date "2015.02.08"]
[Round "8.6"]
[White "Kapusta, Petr"]
[Black "Kovacocy, Pavel"]
[Result "0-1"]
[WhiteElo "2112"]
[BlackElo "2192"]
[PlyCount "62"]
[EventDate "2015.??.??"]

1. e4 c5 2. Nf3 g6 3. d4 cxd4 4. Nxd4 Nc6 5. Nc3 Bg7 6. Be3 Nf6 7. f3 O-O 8.
Qd2 d5 9. O-O-O dxe4 10. Nxc6 Qxd2+ 11. Rxd2 bxc6 12. fxe4 Ng4 13. Bf4 e5 14.
Bg5 f6 15. Bc4+ Kh8 16. h3 fxg5 17. hxg4 Bxg4 18. Rd6 Rf6 19. Rd3 h5 20. Rg3
Rf4 21. Nd1 Re8 22. Ra3 Re7 23. g3 Rf3 24. Ne3 Rxg3 25. Nf5 Rxa3 26. Nxe7 Rg3
27. Bf7 h4 28. Bxg6 Bf3 29. Rh2 h3 30. b4 g4 31. Rd2 Bh6 0-1

[Event "SR 3. liga A2 2014/2015"]
[Site "?"]
[Date "2015.02.08"]
[Round "8.6"]
[White "Machalova, Erika"]
[Black "Koutny, Petr"]
[Result "1/2-1/2"]
[WhiteElo "2102"]
[BlackElo "2095"]
[PlyCount "100"]
[EventDate "2015.??.??"]

1. d4 Nf6 2. c4 g6 3. Nc3 d5 4. cxd5 Nxd5 5. e4 Nxc3 6. bxc3 Bg7 7. Bc4 O-O 8.
Be3 c5 9. Qd2 Qa5 10. Ne2 Rd8 11. Rb1 a6 12. Rb2 Qc7 13. Bb3 Nc6 14. O-O Na5
15. Rd1 Nxb3 16. Rxb3 b5 17. Qc1 e6 18. f3 Bb7 19. Rb2 Rac8 20. Qb1 Ba8 21.
Rbd2 Bf8 22. Bg5 Be7 23. Bxe7 Qxe7 24. Nc1 Qg5 25. Qd3 b4 26. Rc2 Bb7 27. Ne2
bxc3 28. Rxc3 cxd4 29. Rxc8 Bxc8 30. f4 Qa5 31. Rd2 Bb7 32. e5 Qd5 33. Nxd4 Rc8
34. Nb3 Qc6 35. Qd6 Qe4 36. h3 Qe3+ 37. Rf2 Bd5 38. Qd7 Qc3 39. Kh2 Rf8 40. Qa7
Bxb3 41. axb3 a5 42. Ra2 Qb4 43. Ra4 Qxb3 44. Qxa5 Qd3 45. Qa6 Qf5 46. Qc6 Rd8
47. Qe4 Qxe4 48. Rxe4 h5 49. Kg3 Rd2 50. Kf3 Kg7 1/2-1/2

[Event "SR 3. liga A2 2014/2015"]
[Site "?"]
[Date "2015.02.08"]
[Round "8.6"]
[White "Stanec, Stanislav"]
[Black "Cechovic, Stefan"]
[Result "1-0"]
[WhiteElo "2162"]
[BlackElo "2155"]
[PlyCount "123"]
[EventDate "2015.??.??"]

1. e4 e5 2. Nf3 Nf6 3. Nc3 Bb4 4. Nd5 Nxd5 5. exd5 O-O 6. Be2 e4 7. Nd4 Qg5 8.
O-O Qxd5 9. c3 Bc5 10. Nb5 Na6 11. b4 Be7 12. a3 Bf6 13. Bb2 Qg5 14. f4 exf3
15. Rxf3 d5 16. Rg3 Qf4 17. Bd3 c6 18. Nd4 Bxd4+ 19. cxd4 Nc7 20. Qc2 g6 21.
Rf1 Qd6 22. Rgf3 Ne8 23. b5 cxb5 24. Bxb5 Bf5 25. Qb3 Ng7 26. Bc3 a5 27. h3 b6
28. d3 h5 29. Be1 Rac8 30. Bg3 Qe7 31. Qxd5 Rfd8 32. Qe5 Qxa3 33. Bh4 Qd6 34.
Bxd8 Rxd8 35. g4 hxg4 36. hxg4 Bxg4 37. Rxf7 Qxd4+ 38. Qxd4 Rxd4 39. R7f6 Bf5
40. Rf3 Rg4+ 41. Kf2 Be6 42. Rxe6 Nxe6 43. Bc4 Rxc4 44. dxc4 Nc5 45. Ke3 Kg7
46. Kd4 g5 47. Kd5 Kg6 48. Kc6 g4 49. Ra3 Ne4 50. Kxb6 g3 51. c5 Kg5 52. c6 g2
53. Ra1 Kf4 54. c7 Nd6 55. Kc6 Nc8 56. Kb7 Nd6+ 57. Kb8 Ke3 58. Rd1 a4 59. Rxd6
g1=Q 60. c8=Q Qb1+ 61. Qb7 Qf5 62. Qe7+ 1-0

[Event "SR 3. liga A2 2014/2015"]
[Site "?"]
[Date "2015.02.08"]
[Round "8.6"]
[White "Sarmir, Milos"]
[Black "Hudacek, Josef"]
[Result "1-0"]
[WhiteElo "2011"]
[BlackElo "2037"]
[PlyCount "81"]
[EventDate "2015.??.??"]

1. e4 c5 2. Nf3 d6 3. d4 cxd4 4. Nxd4 Nf6 5. Nc3 a6 6. Be2 e6 7. O-O Be7 8. Kh1
O-O 9. Be3 Nc6 10. f4 Ne8 11. Qd2 Nc7 12. Rad1 Bd7 13. Nf3 b5 14. a3 Qc8 15. e5
d5 16. Bd3 Na5 17. Qf2 g6 18. h4 Nc4 19. Bc1 Ne8 20. Ne2 Ng7 21. g4 f5 22. Rg1
Bc5 23. Ned4 fxg4 24. Rxg4 Nf5 25. c3 Be8 26. Rdg1 Rb8 27. h5 Rb7 28. Nh4 Rg7
29. Nhxf5 exf5 30. R4g2 Bxd4 31. cxd4 Qe6 32. Qh4 Nb6 33. Bd2 Nc8 34. Bb4 Ne7
35. Bc2 Rff7 36. Bb3 Nc6 37. Bc5 Na5 38. Ba2 Nb7 39. h6 Nxc5 40. hxg7 Kxg7 41.
dxc5 1-0

[Event "SR 3. liga A2 2014/2015"]
[Site "?"]
[Date "2015.02.08"]
[Round "8.6"]
[White "Londin, Martin"]
[Black "Markuliak, Mario"]
[Result "1/2-1/2"]
[WhiteElo "1954"]
[BlackElo "1811"]
[PlyCount "58"]
[EventDate "2015.??.??"]

1. e4 e5 2. Nf3 Nc6 3. Bb5 Nf6 4. O-O Nxe4 5. Re1 Nd6 6. Bxc6 dxc6 7. d4 Be7 8.
dxe5 Nf5 9. Qxd8+ Bxd8 10. Bg5 Be6 11. Nbd2 h6 12. Bxd8 Rxd8 13. Rad1 Nd4 14.
Nxd4 Rxd4 15. Ne4 Rxd1 16. Rxd1 b6 17. Nc3 Ke7 18. Kf1 Rd8 19. Rxd8 Kxd8 20.
Ke2 a5 21. Ke3 Bf5 22. Ne4 Ke7 23. f4 c5 24. a3 Ke6 25. h3 Kd5 26. Nc3+ Kc4 27.
Ne4 Kd5 28. Nc3+ Kc4 29. Ne4 Kd5 1/2-1/2

[Event "SR 3. liga A2 2014/2015"]
[Site "?"]
[Date "2015.02.08"]
[Round "8.6"]
[White "Vlkovic, Pavol"]
[Black "Berger, Patrik"]
[Result "0-1"]
[WhiteElo "1820"]
[BlackElo "1917"]
[PlyCount "82"]
[EventDate "2015.??.??"]

1. e4 c5 2. Nf3 d6 3. c3 Nf6 4. h3 Nc6 5. Bd3 g6 6. Bc2 Bg7 7. d3 O-O 8. O-O b5
9. a3 Qc7 10. Re1 e5 11. Nbd2 Re8 12. Nf1 a5 13. Ng3 h6 14. Nh2 Be6 15. Be3 b4
16. Ba4 bxc3 17. bxc3 Rab8 18. Qd2 Kh7 19. Rab1 Rec8 20. f4 exf4 21. Bxf4 Ne5
22. Rf1 Rb6 23. Bb5 c4 24. d4 Nd3 25. Be3 Qb7 26. e5 Nd5 27. a4 Nxe3 28. Qxe3
dxe5 29. Ne4 exd4 30. cxd4 Bf5 31. Nd2 Qd5 32. Nhf3 Re6 33. Ne5 Nxe5 34. Rxf5
gxf5 35. dxe5 Rxe5 36. Qf4 c3 37. Nf3 c2 38. Rc1 Re4 39. Qg3 Qd1+ 40. Rxd1
cxd1=Q+ 41. Kh2 Rc3 0-1

[Event "SR 3. liga A2 2014/2015"]
[Site "?"]
[Date "2015.02.08"]
[Round "8.6"]
[White "Vepy, Ivan"]
[Black "Hornak, Pavol"]
[Result "1-0"]
[WhiteElo "1923"]
[BlackElo "1766"]
[PlyCount "73"]
[EventDate "2015.??.??"]

1. e4 c5 2. Nf3 e6 3. Nc3 a6 4. g3 b5 5. d3 Bb7 6. Bg2 d6 7. O-O Be7 8. a3 Nf6
9. Nd2 Qb6 10. Kh1 Nbd7 11. f4 O-O-O 12. a4 h5 13. Nf3 Ng4 14. axb5 axb5 15. h3
Nh6 16. Be3 d5 17. exd5 exd5 18. Bd2 d4 19. Ne4 b4 20. c3 f5 21. Nf2 dxc3 22.
bxc3 Ng4 23. cxb4 cxb4 24. d4 Nxf2+ 25. Rxf2 Nf6 26. Qc2+ Kb8 27. Rff1 Ne4 28.
Kh2 Qg6 29. Be1 Bd6 30. Qa4 h4 31. Qa7+ Kc8 32. Nxh4 Qf7 33. Rc1+ Bc7 34. Bxb4
Qb3 35. Rxc7+ Kxc7 36. Rc1+ Kd7 37. Qxb7+ 1-0

[Event "SR 3. liga A2 2014/2015"]
[Site "?"]
[Date "2015.02.22"]
[Round "9.1"]
[White "Kapusta, Petr"]
[Black "Horak, Ivan"]
[Result "1-0"]
[WhiteElo "2112"]
[BlackElo "2070"]
[PlyCount "55"]
[EventDate "2015.??.??"]

1. e4 c5 2. Nf3 d6 3. d4 cxd4 4. Nxd4 Nf6 5. Nc3 a6 6. Be2 e5 7. Nb3 Be7 8. O-O
Be6 9. Kh1 Nbd7 10. f4 Qc7 11. Qe1 b5 12. Bd3 O-O 13. Be3 Rfd8 14. Bg1 exf4 15.
Nd4 Ne5 16. Rxf4 Bc4 17. Nf5 Bxd3 18. cxd3 Bf8 19. Nh6+ Kh8 20. Rxf6 gxf6 21.
Nd5 Qb7 22. Qh4 Bxh6 23. Qxh6 Rg8 24. Qxf6+ Rg7 25. Qxd6 Re8 26. Bd4 Nxd3 27.
Bxg7+ Kxg7 28. Qg3+ 1-0

[Event "SR 3. liga A2 2014/2015"]
[Site "?"]
[Date "2015.02.22"]
[Round "9.1"]
[White "Sefcik, Marek"]
[Black "Koutny, Petr"]
[Result "1/2-1/2"]
[WhiteElo "2043"]
[BlackElo "2095"]
[PlyCount "147"]
[EventDate "2015.??.??"]

1. Nf3 Nf6 2. e3 g6 3. d4 Bg7 4. Bd3 d5 5. O-O O-O 6. Nbd2 Nbd7 7. b3 e5 8.
dxe5 Ng4 9. Bb2 Ndxe5 10. Nxe5 Nxe5 11. Rb1 Qd6 12. Nf3 Rd8 13. Nxe5 Bxe5 14.
Bxe5 Qxe5 15. Qd2 c5 16. Rfe1 Be6 17. c3 Rac8 18. Rbc1 Rc7 19. Bf1 Rcd7 20.
Rcd1 Qc7 21. Qb2 Qb6 22. Rd2 h5 23. Red1 Bg4 24. Be2 Qe6 25. h3 Bxe2 26. Rxe2
b5 27. Red2 Qe5 28. b4 Rc8 29. bxc5 Rxc5 30. Rd4 Rdc7 31. R1d3 a6 32. Qd2 Kg7
33. g3 Qe6 34. h4 Qc6 35. Rxd5 Rxc3 36. Rxc3 Qxc3 37. Qxc3+ Rxc3 38. Rd2 b4 39.
Kg2 a5 40. Kf3 Kf6 41. Kf4 Ke6 42. e4 f6 43. f3 Ra3 44. g4 a4 45. gxh5 gxh5 46.
Rd4 b3 47. axb3 axb3 48. Rb4 Kf7 49. Kf5 Ra5+ 50. Kf4 Ra3 51. Rb5 Kg6 52. Rb6
Kf7 53. Kf5 Ra5+ 54. Kf4 Ra3 55. e5 fxe5+ 56. Kf5 b2 57. Rb7+ Kg8 58. Kg6 Kf8
59. Kxh5 Rxf3 60. Rxb2 Kf7 61. Kg4 Rf4+ 62. Kg5 Kg7 63. Rb7+ Rf7 64. Rxf7+ Kxf7
65. Kf5 Kg7 66. Kxe5 Kh6 67. Kf4 Kh5 68. Kg3 Kg6 69. Kg4 Kh6 70. h5 Kg7 71. Kg5
Kh7 72. h6 Kg8 73. Kg6 Kh8 74. h7 1/2-1/2

[Event "SR 3. liga A2 2014/2015"]
[Site "?"]
[Date "2015.02.22"]
[Round "9.1"]
[White "Hudacek, Josef"]
[Black "Chabada, Tomas"]
[Result "1-0"]
[WhiteElo "2037"]
[BlackElo "1987"]
[PlyCount "105"]
[EventDate "2015.??.??"]

1. e4 e5 2. Nf3 Nc6 3. Bb5 a6 4. Ba4 Nf6 5. O-O Be7 6. Re1 b5 7. Bb3 d6 8. c3
O-O 9. d4 Bg4 10. Be3 Na5 11. Bc2 Nc4 12. Bc1 c5 13. b3 Nb6 14. dxc5 Bxf3 15.
Qxf3 dxc5 16. Nd2 Qc7 17. Nf1 c4 18. Bd2 Rfd8 19. b4 a5 20. a3 Ra6 21. Bg5 h6
22. Be3 Rda8 23. Rad1 axb4 24. axb4 Ra2 25. Re2 Na4 26. Bc1 Rd8 27. Red2 Rxd2
28. Rxd2 Ra1 29. Rd1 Qc6 30. Ng3 Qe6 31. Nf5 Bf8 32. h3 Kh7 33. Kh2 g6 34. Ng3
Be7 35. Qe3 Ng8 36. Qe1 Qc6 37. Ne2 Bh4 38. g3 Be7 39. Rd5 Bf6 40. Qd2 Bg5 41.
f4 exf4 42. gxf4 Be7 43. Nd4 Qf6 44. e5 Qh4 45. Nf3 Qh5 46. Be4 Bxb4 47. cxb4
c3 48. Qc2 Nb6 49. Rxb5 f5 50. Bb7 Nc4 51. Bd5 Na3 52. Rb7+ Kh8 53. Qxc3 1-0

[Event "SR 3. liga A2 2014/2015"]
[Site "?"]
[Date "2015.02.22"]
[Round "9.1"]
[White "Kovarik, Oto"]
[Black "Harastova, Viera"]
[Result "0-1"]
[WhiteElo "1926"]
[BlackElo "1876"]
[PlyCount "94"]
[EventDate "2015.??.??"]

1. e4 e5 2. Nf3 Nc6 3. Bb5 a6 4. Bxc6 dxc6 5. h3 Nf6 6. O-O Bd6 7. d4 Qe7 8.
dxe5 Bxe5 9. Nxe5 Qxe5 10. Nc3 O-O 11. Qe2 Re8 12. Re1 Bd7 13. a3 Rad8 14. f4
Qh5 15. Qxh5 Nxh5 16. Be3 Nf6 17. Bd4 Bc8 18. Bxf6 gxf6 19. Rad1 Rd6 20. Kf2
Red8 21. Rxd6 cxd6 22. Rd1 Kf8 23. g4 h6 24. Kg3 Ke7 25. b3 Rg8 26. f5 h5 27.
Kf4 hxg4 28. hxg4 Rh8 29. Kg3 b5 30. Ne2 Bb7 31. Nf4 a5 32. c4 bxc4 33. bxc4
Ba6 34. Rb1 Rc8 35. Nh5 Rc7 36. Kf4 Bxc4 37. g5 fxg5+ 38. Kxg5 Bd3 39. Re1 Rb7
40. e5 Rb5 41. exd6+ Kxd6 42. Ng7 c5 43. Kf6 c4 44. Ne8+ Kc6 45. Rc1 Rxf5+ 46.
Ke7 Rf1 47. Rc3 f5 0-1

[Event "SR 3. liga A2 2014/2015"]
[Site "?"]
[Date "2015.02.22"]
[Round "9.1"]
[White "Vepy, Ivan"]
[Black "Husek, Lubomir"]
[Result "0-1"]
[WhiteElo "1923"]
[BlackElo "1854"]
[PlyCount "98"]
[EventDate "2015.??.??"]

1. e4 e5 2. Bc4 Nf6 3. d3 Nc6 4. a3 Be7 5. Nc3 d6 6. Nge2 h6 7. O-O Bg4 8. f3
Bh5 9. Be3 O-O 10. Qd2 Kh7 11. Ng3 Bg6 12. f4 exf4 13. Bxf4 Ne5 14. Ba2 c5 15.
h3 a6 16. Nf5 Bxf5 17. Bxe5 Bg6 18. Bh2 Qb6 19. Kh1 Qc6 20. Nd5 Nxd5 21. Bxd5
Qd7 22. Bf4 f6 23. Rae1 Rae8 24. Qf2 Bf7 25. Re3 Bxd5 26. exd5 Bd8 27. Rfe1
Rxe3 28. Rxe3 g5 29. Bh2 f5 30. Qe1 Rf7 31. Re6 Be7 32. g4 Bf8 33. Qe2 Kg7 34.
Bg3 fxg4 35. Be1 gxh3 36. Bc3+ Kg8 37. Qh5 Rf1+ 38. Kh2 Qf7 39. Qxf7+ Kxf7 40.
Kxh3 Rf5 41. Kg4 Rxd5 42. Rf6+ Ke7 43. Rg6 b5 44. b3 b4 45. axb4 cxb4 46. Bh8
Rc5 47. d4 Rxc2 48. Kf5 Rf2+ 49. Ke4 Kf7 0-1